[Event "Tan Chin Nam Cup 7th"]
[Site "Shanghai"]
[Date "2001.07.17"]
[Round "8"]
[White "Dreev, Alexey"]
[Black "Zhang, Zhong"]
[Result "1-0"]
[WhiteElo "2690"]
[BlackElo "2632"]
[Annotator "Tsesarsky,I"]
[PlyCount "93"]
[EventDate "2001.07.09"]
[EventType "tourn"]
[EventRounds "9"]
[EventCountry "CHN"]
[EventCategory "16"]
[SourceTitle "CBM 085"]
[Source "ChessBase"]
[SourceDate "2001.11.13"]
[SourceVersion "1"]
[SourceVersionDate "2001.11.13"]
[SourceQuality "1"]

1. d4 Nf6 2. Nf3 e6 3. Bg5 c5 4. e3 Nc6 5. Nbd2 (5. c3 {-mainline.}) 5... b6 (
5... cxd4 6. exd4 h6 7. Bh4 Be7 8. c3 b6 $132 {1/2-1/2 Yewdokimov,O-Arkhipov,S/
Kecskemet 1990/EXT 2000 (23)}) 6. Ne4 {This N jump is not dangerous. This
move's idea is to create doubled PP f in the Black camp.} ({However, another
continuations also don't bring to White nothing, for example:} 6. c3 Be7 (6...
Bb7 7. Bd3 cxd4 8. exd4 Be7 9. Nc4 O-O (9... Qc7 10. Qd2 Rc8 11. O-O $132 {
1-0 Torre Repetto,C-Saemisch,F/Moscow 1925/HCL (20)}) 10. Qc2 Qc7 11. h4 h6 12.
Qd2 $132 {1-0 Janowski,D-Saemisch,F/Marienbad 1925/HCL (20)}) 7. Bd3 O-O 8. O-O
cxd4 9. exd4 Bb7 $5 $132 (9... Nd5 10. Bxe7 Ncxe7 11. Re1 Bb7 12. Bf1 $14 {
-see commented game 1-0 Petrosian,T-Taimanov,M/Leningrad 1960/URS-ch [Moiseev]
(44)})) (6. Nc4 cxd4 7. Nxd4 Bb7 $132 {1-0 Klaric,Z-Marinelli,T/Chianciano
1989/EXT 97 (42)}) 6... Be7 ({Possible also} 6... cxd4 {and Black has reliable
position:} 7. Nxd4 (7. Bxf6 gxf6 8. exd4 d5 $132) 7... Bb7 8. Nxc6 Bxc6 9. Nd6+
Bxd6 10. Qxd6 Ne4 11. Qxc6 dxc6 12. Bxd8 Rxd8 13. Be2 $11 {1/2-1/2 Xu
Yang-Enhbat,T/Sofia 1994/TD (60)}) 7. Bxf6 gxf6 $6 $14 {Black doesn't afraid
from doubled PP because of pair of BB. But position is not opened, and next
strong move makes certain problems for Black.} ({Strong was} 7... Bxf6 $1 8.
Nd6+ (8. dxc5 Bxb2 9. Rb1 Bf6 10. Nd6+ Kf8 $132) 8... Ke7 9. Ne4 d6 $132 {
Without PP weaknesses.}) 8. d5 $1 Nb4 9. c4 f5 10. Ng3 {[%cal Gg3e4,Gg3f5,
Gg3h5] Here N will take part in K attack after ....0-0.} ({Worth of attention
also} 10. Nc3 $14) 10... d6 11. a3 Na6 {[%csl Ra6]} 12. Bd3 Nc7 13. e4 $1 {
Opening space for white pieces and catching space advantage.} fxe4 14. Bxe4 f5
$6 $16 {Weakens the kingside.} ({Worth of attention} 14... exd5 $1 15. cxd5 (
15. Bxd5 $6 Nxd5 $1 16. Qxd5 Be6 17. Qc6+ Kf8 18. b3 d5 $132) 15... Ba6 {
[%cal Ga6f1]} (15... Bf6 16. Qc2 $14 {[%csl Re8,Rh7][%cal Gc2h7,Ge1g1,Ge1c1]})
16. Qc2 $14) ({Not} 14... e5 $6 15. Qc2 $16 {[%csl Re8,Rf5,Rh7][%cal Gc2h7]
with clear advantage.}) 15. Bd3 O-O (15... exd5 16. cxd5 O-O 17. Qc2 $16 {
[%cal Ge1c1]}) 16. Qc2 {[%csl Rf5,Rg8,Rh7][%cal Gc2h7]} Qd7 (16... exd5 17.
cxd5 Bf6 (17... Nxd5 $4 18. Bc4 Be6 19. Qb3 $18) 18. O-O-O $16 {[%csl Rf5,Rg8]}
) 17. dxe6 Qxe6+ 18. Kf1 {White is not embarrassed by 0-0 losing: Rh1 will be
developed after h2-h4-h5 promotion.} Qf7 19. Re1 Bd8 20. h4 $1 {Start to K
Attack.} h6 21. h5 Bd7 22. Qd2 {[%csl Rh6][%cal Gd2h6]} f4 23. Ne4 {[%csl Rd6]}
Be7 24. Nh4 {[%cal Gh4g6]} Bxh4 {Black had to exchange dangerous Nh4.} 25. Rxh4
Rad8 $2 $18 ({Badly is also} 25... d5 $2 26. cxd5 Nxd5 27. Nd6 $1 {[%cal Gd3c4,
Gc4g8]} Ne3+ $5 28. Qxe3 fxe3 29. Nxf7 Kxf7 (29... Rxf7 30. Bc4 $18) 30. Rxe3
$18) ({Right was} 25... Ne8 $1 {Inspite of Ra8 disconnection Black has certain
resistance chances because of g7 square importance in K defence:} 26. g3 $1
fxg3 27. Qxh6 Bf5 (27... gxf2 28. Re3 Bf5 29. Rg3+ Ng7 30. Rh2 $18) 28. f4 $1 (
28. Re3 $2 Bxe4 29. Rxg3+ Ng7 30. Qxg7+ Qxg7 31. Rxg7+ Kxg7 32. h6+ Kh8 33.
Bxe4 Rae8 $132) 28... Qg7 29. Qxg7+ Nxg7 30. h6 Ne6 31. Kg2 Nd4 32. Re3 $16)
26. g3 $1 d5 ({Or} 26... fxg3 27. Qxh6 Qg7 (27... gxf2 28. Nf6+ $1 Qxf6 29.
Qh7#) 28. Qxg7+ Kxg7 29. h6+ Kh8 30. Nxg3 $18) 27. Rxf4 Qxf4 ({Loses also} 
27... Qxh5 28. Rh4 Bh3+ (28... Qf7 29. Rxh6 dxe4 30. Qg5+ Qg7 31. Rg6 $18) 29.
Kg1 Qf3 30. Rxh3 dxe4 31. Rxh6 Rf5 32. Re3 Qxf2+ 33. Qxf2 Rxf2 34. Kxf2 exd3
35. Rh1 $18) 28. gxf4 dxe4 29. Rxe4 Bf5 30. Re3 Ne6 31. Rg3+ Kf7 32. Qc3 Bxd3+
33. Rxd3 Nxf4 34. Rxd8 Rxd8 35. Qf3 Rd4 36. Kg1 {Position of Black is hopeless,
it was possible to resign here...} Kf6 37. Qb7 Nxh5 38. Qxa7 Rd6 39. Qc7 Re6
40. b4 cxb4 41. axb4 Ng7 42. b5 Ne8 43. Qd8+ Ke5 44. Qd5+ Kf6 45. c5 bxc5 46.
b6 Nd6 47. Qxc5 1-0

[Event "Kharkov Rector Cup 4th"]
[Site "Kharkov"]
[Date "2002.03.26"]
[Round "5"]
[White "Moiseenko, Alexander"]
[Black "Gershon, Alik"]
[Result "1-0"]
[WhiteElo "2559"]
[BlackElo "2558"]
[Annotator "Tsesarsky,I"]
[PlyCount "61"]
[EventDate "2002.03.22"]
[EventType "tourn"]
[EventRounds "10"]
[EventCountry "UKR"]
[EventCategory "13"]
[SourceTitle "CBM 089"]
[Source "ChessBase"]
[SourceDate "2002.08.12"]
[SourceVersion "1"]
[SourceVersionDate "2002.08.12"]
[SourceQuality "1"]

1. d4 Nf6 2. Nf3 e6 3. Bg5 h6 4. Bh4 c5 5. e3 b6 6. Bd3 Bb7 7. c3 Be7 8. Nbd2
d6 $11 {This modest opening can't promise to White any advantage, but
sometimes middlegame manoeuvre struggle is not simple, especially for persons
who like forced complicated tactical game. Alik Gershon - one of them...} 9.
Bg3 (9. O-O cxd4 (9... Nbd7 10. h3 O-O 11. Re1 Rc8 12. a4 Bc6 13. Bg3 $11 {
1/2-1/2 Sergeev,V-Chernyshov,K/Decin 1998/EXT 2000 (24)}) 10. cxd4 Nbd7 11. Qe2
O-O 12. Ba6 Qc8 13. Bxb7 Qxb7 $11 {1/2-1/2 Breahna,R-Itkis,B/Baile Tusnad 1999/
EXT 2000 (18)}) (9. h3 Nbd7 10. Qe2 O-O 11. O-O-O (11. O-O $11) 11... Nd5 12.
Bg3 cxd4 13. exd4 a6 14. Kb1 b5 15. Bh2 Rc8 16. Rc1 N5b6 17. Ka1 Re8 18. Rhd1
$132 {0-1 Saavedra,C-Vescovi,G/Sao Paulo 1998/EXT 99 (33)}) (9. a4 a6 10. b4 (
10. O-O Nbd7 11. Nc4 O-O 12. Bg3 cxd4 13. exd4 Qc7 14. Nfd2 Qc6 15. Ne3 Rfe8
16. f4 Bf8 17. c4 Rad8 18. b4 Qc8 19. Bh4 a5 20. b5 e5 $132 {1-0 Paasikangas
Tella,J-Kiik,K/Tampere 1996/EXT 99 (67)}) 10... cxd4 11. cxd4 g5 12. Bg3 Nd5
13. b5 Nb4 14. Be4 $11 {0-1 Paasikangas Tella,J-Rytshagov,M/Salokangas 1996/
EXT 98 (49)}) (9. Bb5+ Kf8 10. h3 g6 11. Qe2 Kg7 12. e4 a6 13. Bd3 cxd4 14.
cxd4 Nbd7 15. O-O Nh5 16. Bxe7 Qxe7 17. g3 Rhc8 18. Rac1 $11 {0-1 Mihok,
L-Chekhov,V/Germany 1995/EXT 99 (53)}) (9. e4 Nbd7 10. Qe2 Nh5 11. Bxe7 Qxe7
12. g3 O-O 13. Nh4 Nf4 14. gxf4 Qxh4 15. Qe3 $11 {1-0 Petrosian,T-Reshko,A/
Leningrad 1967/EXT 2001 (40)}) (9. Qe2 {-mainline}) 9... O-O (9... Nh5 10. Qe2
Nxg3 11. hxg3 Nd7 12. a4 a6 13. e4 Qc7 14. g4 e5 15. dxe5 Nxe5 16. Nxe5 dxe5
17. Bc4 O-O 18. O-O Rad8 $11 {1/2-1/2 Konstantinopolsky,A-Romanovsky,P/
Leningrad 1939/HCL (38)}) 10. O-O Nh5 11. Qe2 Nxg3 12. fxg3 $5 {[%cal Gf1f8]
Interesting agressive decision! White prepares activity on the kingside, so
opened f-file will be useful for Rf1.} Nd7 13. g4 a5 (13... d5 14. Qf2 Qc7 $11)
14. Rad1 Qc8 $6 15. h4 Qd8 16. Qf2 cxd4 17. exd4 a4 {I don't understand this
move's idea...Maybe Black wants to play Ra8-a5?} ({Logical was to exchange BB:
} 17... Ba6 18. Bxa6 Rxa6 19. d5 (19. g5 hxg5 20. hxg5 Bxg5 21. Ne4 Be7 22. d5
e5 $15) 19... exd5 20. Nb3 Ne5 21. Nbd4 Nxg4 22. Qe2 {[%csl Ra6,Rd8,Re7][%cal
Gd4c6]} b5 23. Nxb5 Bxh4 24. Nfd4 Nf6 25. Nf5 $132) 18. Qg3 g6 $6 {Strange
move. Black weakens his K fortress without any compensation. Seems, Alik
doesn't know, what to do.} ({It was necessary to exchange the active Bd3:} 
18... Ba6 19. Bxa6 Rxa6 20. g5 $40) 19. a3 Kg7 $6 (19... Ba6 $142 20. Bxa6 Rxa6
21. g5 $14) 20. Rde1 Ba6 $2 $16 {Now this move is mistake!} (20... g5 $142 $5
21. h5 Nf6 22. Ne4 Nxe4 23. Bxe4 Bxe4 24. Rxe4 d5 25. Re2 Bd6 26. Ne5 Ra7 27.
Qd3 Bxe5 28. dxe5 Qc7 29. Rf6 $14) 21. Bxa6 Rxa6 22. h5 g5 (22... d5 23. hxg6
Kxg6 24. Ne5+ Nxe5 25. Rxe5 $16 {[%csl Rg6]}) 23. d5 $1 {[%csl Ra6] Black
forces aren't collaborated with each other, his position became difficult.} Nc5
$2 $18 {The last mistake.} (23... e5 $142 {Preventing position's opening.} 24.
Nc4 $16 {[%cal Gc4e3,Ge3f5]}) 24. Nd4 {[%csl Re6][%cal Gd4f5,Gd4c6]} Bf6 ({
Another continuations lose also:} 24... Qd7 25. Ne4 Nxe4 26. Rxe4 {[%csl Re6]}
Bf6 (26... exd5 27. Rxe7 $18) 27. dxe6 Bxd4+ 28. Rxd4 Qxe6 29. Rxd6 $18) (24...
e5 25. Nf5+ Kh7 26. Ne4 Nxe4 27. Rxe4 Ra5 {[%csl Rd5]} 28. Qd3 {[%csl Rh7]
[%cal Gd3d5,Gd3h7]} Bf6 29. Re2 $18 {[%csl Rh6,Rh7][%cal Gd3h7]}) 25. Nc6 Qd7
26. Nc4 $1 exd5 27. Nxd6 {[%csl Rf6,Rg7][%cal Gf1f6]} b5 (27... Qxc6 28. Rxf6
$18) 28. Rxf6 Rxc6 29. Qe5 Kg8 (29... Kh7 30. Ref1 Nd3 31. Qxd5 Nf4 32. Rxh6+
Kxh6 33. Nf5+ $18 {[%csl Rd7]}) 30. Rxh6 f6 31. Rg6+ 1-0

[Event "Golombek Memorial"]
[Site "Paignton"]
[Date "2000.09.08"]
[Round "6"]
[White "Hebden, Mark"]
[Black "Bischoff, Klaus"]
[Result "1/2-1/2"]
[WhiteElo "2505"]
[BlackElo "2556"]
[Annotator "Tsesarsky,I"]
[PlyCount "77"]
[EventDate "2000.09.03"]
[EventType "tourn"]
[EventRounds "11"]
[EventCountry "ENG"]
[EventCategory "11"]
[SourceTitle "CBM 079"]
[Source "ChessBase"]
[SourceDate "2000.11.21"]
[SourceVersion "1"]
[SourceVersionDate "2000.11.21"]
[SourceQuality "1"]

1. d4 Nf6 2. Nf3 e6 3. c3 Be7 4. Bg5 (4. Bf4 b6 5. Nbd2 Bb7 6. e3 d6 7. Bd3 Nh5
8. Bg3 Nd7 9. Qe2 $132 {0-1 Herzog,A-Matanovic,A/Graz 1984/MCD (34)}) 4... h6 (
4... Ne4 5. Bxe7 Qxe7 6. Nbd2 Nxd2 7. Qxd2 d6 8. e4 O-O 9. Be2 e5 $11 {1/2-1/2
Samovojska,D-Ksieski,Z/Litomerice 1990/EXT 97 (12)}) 5. Bf4 {A little bit
strange move! White would coan to play 4.Bf4 without 4...h6.} ({In next games
Miles played} 5. Bh4 b6 6. Nbd2 Bb7 7. e3 {but Black equalized without
problems:} O-O (7... d6 8. h3 Ne4 9. Bxe7 Qxe7 10. Nxe4 Bxe4 11. Bd3 Bb7 12.
O-O O-O 13. Re1 Nd7 $11 {1/2-1/2 Miles,A-Nosenko,A/Alushta 1999/CBM 70 (65)})
8. Bd3 d5 9. Ne5 Nbd7 10. f4 c5 11. O-O (11. O-O) 11... Rc8 12. f5 $132 {
1-0 Miles,A-Jonsson,B/Reykjavik 1998/CBM 64 (65)}) 5... b6 6. Nbd2 Bb7 $11 7.
h4 $5 {Unusual decision! However, position evaluation doesn't changed - Black
equalized.} d6 8. h5 Nbd7 (8... O-O 9. e3 c5 10. Bd3 Nc6 $132) 9. e3 a6 (9...
c5 10. Nc4 Ne4 $11) 10. Bg3 (10. Bd3) 10... c5 11. Bd3 cxd4 12. cxd4 (12. exd4
O-O $132) 12... O-O 13. Nh4 $6 $15 {N goes to the wrong square.} (13. Rc1 $11)
13... b5 {[%cal Gd7b6]} (13... Rc8 $5 $15) 14. Qe2 Nb6 15. e4 Rc8 16. O-O Nc4 (
{Black here has possibility to force draw:} 16... Nfd7 {[%csl Rh4]} 17. Qg4 (
17. Nhf3 Nf6 {[%csl Rh5]} 18. Nh4 $11) 17... Nf6 18. Qe2 Nfd7 $11 {but seems,
Black evaluated his position as slightly better.}) 17. Nxc4 bxc4 18. Bc2 d5 (
18... Qb6 19. e5 dxe5 20. dxe5 Nd7 (20... Nd5 21. Qe4 Nf6 22. Qe2 Nd5 23. Qe4
$11) 21. Rad1 Rfd8 $15) 19. e5 Ne4 20. Nf3 Rb8 $1 (20... Qb6 $6 {[%csl Rb2]
[%cal Gb6b2]} 21. Rab1 Rb8 (21... Nxg3 $2 22. fxg3 Qa5 (22... f6 23. Qe3 $132)
23. Ra1 $1 {[%cal Gc2b1,Ge2c2]} (23. a3 Rb8 $15) 23... Rb8 24. Bb1 Qa4 25. b3
cxb3 26. Qd3 g6 (26... f5 27. exf6 Bxf6 28. Ne5 $18) 27. hxg6 f5 28. exf6 Rxf6
29. g7 Rf5 30. axb3 Qxa1 31. Qe3 Rf6 32. Bh7+ Kxh7 33. Rxa1 $16)) (20... Nxg3
$2 21. fxg3 Rb8 22. Bb1 {[%cal Ge2c2]} Qb6 23. Qc2 {[%cal Gc2h7]} f5 24. exf6
Bxf6 25. Kh2 $18 {[%csl Rg8]}) 21. Bf4 Bc6 22. Rab1 Qa5 23. Nh2 $4 $19 {
Bad move. White can't catch Ne4 - after f2-f3 N will jump to g5.} (23. Bxe4
$142 dxe4 24. Nd2 Qxa2 $15) 23... Rfc8 $4 $132 ({It was necessary to start to
destroy white queenside.} 23... Qxa2 $1 24. f3 Ng5 25. b3 (25. Ng4 Rfc8 $19)
25... Kh8 (25... cxb3 26. Rxb3 g6 (26... Rxb3 27. Bh7+ Nxh7 28. Qxa2 Rfb8 $15)
27. Rxb8 Rxb8 28. hxg6 Bb5 29. gxf7+ Kf8 $19) 26. Ra1 Qb2 27. bxc4 Qxd4+ 28.
Be3 Qxc4 $19) 24. f3 Ng5 25. Bd2 $1 (25. Bxg5 $5 hxg5 (25... Bxg5 26. f4 Be7
27. f5 $132) 26. a3 Rb7 27. f4 Bb5 28. Rf2 c3 29. Qe1 gxf4 30. Rxf4 Ba4 $15)
25... Qb6 (25... Qxa2 $4 26. Bc3 $1 $18 {[%csl Ra2][%cal Gb1a1]}) 26. Be3 (26.
Qf2 $132) 26... c3 $5 {Black temporary sacrifices P and opens lines on the
queenside.} (26... Qa5 27. Bd2 $11) 27. bxc3 Bb5 28. Qd2 Qa5 {[%csl Ra2,Rc3]
[%cal Rb5f1]} 29. Rfc1 (29. Bxg5 Bxg5 30. f4 Bxf1 31. Rxb8 Rxb8 32. fxg5 Rc8 (
32... Bc4 33. gxh6 $18 {[%cal Gh2g4]}) 33. Nxf1 Qxc3 34. Bb3 hxg5 $44) 29...
Ba3 30. Bxg5 $2 $17 (30. Rd1 $142 Qxc3 $15) 30... Bxc1 31. Rxc1 hxg5 32. Qxg5
Qd8 $1 ({Complicated variations appear after} 32... Kf8 $2 33. h6 gxh6 34.
Qxh6+ Ke8 35. Ng4 Qxc3 36. Nf6+ Kd8 37. Kh1 (37. Qf8+ Kc7 38. Qxf7+ Kb6 39.
Qxe6+ Ka5 $1 $19 {[%csl Rc1,Rc2][%cal Gc3c1]}) 37... Qb2 38. Qg5 Kc7 $5 39.
Bg6+ Kb6 (39... Kb7 40. Rxc8 Rxc8 41. Bxf7 Rc1+ 42. Kh2 Qxd4 43. Bxe6 (43. Qxc1
Qxe5+ 44. g3 Qxf6 45. Qf4 Qxf4 46. gxf4 Bc4 47. Bxe6 Bxa2 48. f5 Kc6 49. f6 Kd6
50. f7 Ke7 51. Kg3 a5 52. Kf2 a4 53. Ke2 a3 54. Kd2 Bb3 55. Kc1 $11)) 40. Rxc8
Rxc8 41. Bxf7 Rh8+ 42. Nh5 Qxd4 43. Bxe6 $13) 33. Qg3 Rxc3 $2 $132 {Black
returns material and loses all advantage.} ({Why not} 33... Kf8 $1 34. a4 ({Or
} 34. Qf4 Rxc3 35. h6 gxh6 (35... g5 $5 $19) 36. Qxh6+ Ke8 37. Ng4 Rbc8 38.
Nf6+ (38. Qh8+ Kd7 39. Nf6+ Ke7 40. Qh4 Rxc2 41. Nxd5+ Ke8 42. Nf6+ Qxf6 $1 $19
) 38... Ke7 39. Qd2 R8c4 $19 {[%csl Rd4][%cal Gd8b6]}) 34... Be8 35. Bd3 a5 36.
Qf4 Bxa4 37. h6 gxh6 38. Qxh6+ Ke7 39. Ng4 Bb5 $17) 34. Bh7+ Kxh7 35. Rxc3 Bc4
({Quite good was also} 35... Qa5 36. f4 Qxa2 37. Nf3 Qe2 $132) 36. Qf4 Rb1+ 37.
Rc1 Rxc1+ $2 $16 {Black puts one more mistake and loses P...} (37... Qb6 38.
Ng4 (38. Rxb1 Qxb1+ 39. Kf2 Qxa2+ 40. Kg3 Kg8 41. h6 $132) 38... Rxc1+ 39. Qxc1
Qxd4+ 40. Kh2 $11) 38. Qxc1 Qa5 39. Qb1+ $2 $11 {Probably in time pressure
White doesn't use good chance to keep advantage.} ({Right was} 39. a3 Qb6 40.
Qe3 Qb2 41. Ng4 $16 {[%csl Ga3,Gd4,Rh7][%cal Gh5h6]}) (39. Qb1+ $2 Kg8 {
[%csl Ra2]} 40. Qb8+ Kh7 41. Qb1+ $11) 1/2-1/2

[Event "Dortmund Master"]
[Site "Dortmund"]
[Date "1999.07.13"]
[Round "5"]
[White "Mainka, Gregor"]
[Black "Maric, Alisa"]
[Result "1/2-1/2"]
[WhiteElo "2340"]
[BlackElo "2489"]
[Annotator "Tsesarsky,I"]
[PlyCount "85"]
[EventDate "1999.07.09"]
[EventType "tourn"]
[EventRounds "9"]
[EventCountry "GER"]
[EventCategory "9"]
[SourceTitle "CBM 072"]
[Source "ChessBase"]
[SourceDate "1999.10.01"]
[SourceVersion "1"]
[SourceVersionDate "1999.10.01"]
[SourceQuality "1"]

1. Nf3 Nf6 2. g3 d5 3. Bg2 e6 4. O-O Be7 (4... b5 5. d3 a5 6. Nbd2 Be7 7. e4 c6
8. Re1 (8. e5 Nfd7 9. Re1 Ba6 10. Nf1 c5 11. h4 Nc6 12. Bf4 h6 13. Qd2 $132 {
0-1 Malcoci,V-Kivimaki,J/cr Finjub/IM ,CYB 1994 (54)}) 8... h6 9. e5 Nfd7 10.
Nf1 b4 11. h4 c5 12. c3 bxc3 13. bxc3 Ra7 14. Qa4 Ba6 15. Qg4 Kf8 16. c4 $132 {
1-0 Ioseliani,N-Kivimaki Jaakko/Avoin turnaus Jyvaeskylae 1991 (23)}) (4... Bd6
5. b3 O-O 6. Bb2 b6 7. d3 Bb7 8. Nbd2 Qe7 9. a3 Nbd7 10. e4 dxe4 11. Ng5 Rad8
$11) 5. d4 b5 (5... Nbd7 6. Nbd2 b6 (6... c5 7. Re1 O-O 8. e4 dxe4 9. Nxe4 Nxe4
10. Rxe4 Nf6 11. Re1 cxd4 12. Nxd4 Qb6 13. Nb3 Rd8 14. Qe2 Bd7 15. Be3 Qc7 16.
Bf4 Qb6 17. Rad1 Bb5 18. Qe3 Qa6 19. a3 Rac8 $11 {1/2-1/2 Dzagnidze,N-Nguyen,T/
Cala Caldana g-10 1996 (24)}) 7. c4 c6 8. Ne5 Bb7 9. Ndf3 O-O 10. cxd5 cxd5 11.
Bf4 Ne4 12. Rc1 Bd6 13. Qa4 $14 {1/2-1/2 Bilek-Matanovics/Kecskemet 1964 (30)})
(5... O-O 6. c4 {Theory}) (5... c5 6. c4 cxd4 7. cxd5 Nxd5 8. Nxd4 O-O 9. Qb3
Na6 10. Rd1 Nc5 11. Qc2 Nb4 12. Qc4 e5 13. Qxb4 (13. Nc3 Qa5 14. Qb5 Qxb5 15.
Ndxb5 $14 {1-0 Fominyh,A-Luther,T/Balassagyarmat ,EXT 1990 (46)}) 13... Ne6 14.
Qc4 Nxd4 15. Nc3 $14) 6. Bg5 (6. a4 b4 7. c3 (7. Nbd2 O-O (7... Ba6 $5) 8. Ne5
(8. c4 bxc3 9. bxc3 c5 $11) 8... c5 9. dxc5 (9. c4 cxd4 10. Nb3 Ba6 $11) (9. c3
Nfd7 $11) 9... Bxc5 10. e4 $132 {0-1 Ribli,Z-Luther,T/Tilburg 1994/Inf 61/
[Luther,Th] (41)}) (7. c4 bxc3 8. bxc3 Ba6 9. Ne5 Nfd7 $11) 7... c5 8. cxb4
cxb4 9. Bf4 Nc6 10. Nbd2 $11) (6. b3 Ba6 7. a3 Nbd7 8. b4 Bb7 9. c3 a5 10. Bb2
Bd6 11. Nbd2 O-O 12. Nb3 a4 13. Nc5 Bxc5 14. bxc5 $11 {1-0 Dorfman,I-Diaz,J/
Havana Cap-mem(2) 1988 (47)}) 6... Bb7 (6... Nbd7 7. Nbd2 O-O 8. Nb3 c6 9. Ne1
e5 10. dxe5 Nxe5 11. Nd3 Nc4 12. Nd4 Qb6 $132 {1-0 Romanishin-Pokojowczyk/
Polanica Zdroj 1980/Inf 30 (41)}) 7. Nbd2 Nbd7 8. Nb3 a5 9. a4 b4 10. Ne1 (10.
c3 bxc3 11. bxc3 c5 12. Rb1 Bc6 $132) 10... c5 (10... h6 11. Bxf6 Bxf6 12. Nd3
Be7 13. c4 c6 14. Rc1 O-O 15. cxd5 cxd5 $11) 11. dxc5 Nxc5 12. Bxf6 gxf6 13.
Nxc5 Bxc5 14. e4 $2 $17 {For what white have sacrificed P ? A riddle...} (14.
Nd3 Bd6 $11) 14... dxe4 15. Qe2 O-O $2 $15 {What for black have returned P? A
riddle...} (15... Qd5 16. Rd1 (16. Nd3 exd3 $19) 16... Qc6 17. Nd3 Bd6 $17) 16.
Bxe4 Bxe4 17. Qxe4 Qd4 18. Qxd4 (18. Qe2 Qxb2 19. Nd3 Qc3 $17) 18... Bxd4 19.
Nd3 Rac8 20. Rac1 Rc7 (20... Rfd8 21. Rfe1 (21. b3 e5 22. Rfe1 Bc3 23. Re2 Rd4
24. Rf1 e4 25. Nf4 Bd2 $17) (21. Rfd1 e5 22. b3 e4 23. Nf4 e3 $17) 21... e5 22.
Re2 Rc6 23. Kf1 $11) 21. Rfe1 f5 (21... e5 22. Kf1 Rd8 23. Re2 Bb6 24. Ne1 (24.
Rd1 b3 $1 25. cxb3 Rcd7 $19) 24... Rcd7 25. c3 b3 26. Nf3 $11) 22. Kf1 e5 23.
f3 Re8 (23... f6 24. Re2 Rfc8 25. Ke1 (25. b3 Rc3 26. Ne1 Rxb3 $17) 25... Rc4 (
25... b3 26. Kd1 bxc2+ (26... e4 27. fxe4 fxe4 28. Rxe4 bxc2+ 29. Kd2 Rc4 30.
Re7 Bc5 31. Nxc5 R4xc5 32. Rd7 $132) 27. Rexc2 Rxc2 28. Rxc2 Rd8 (28... Rxc2
29. Kxc2 e4 (29... Kf7 30. b4 e4 31. fxe4 fxe4 32. Nf4) 30. fxe4 fxe4 31. Nf4
Kf7 32. b4 axb4 33. Kb3 Be5 (33... Bc5 34. Kc4 e3 35. a5 (35. Kxc5 b3 $19)
35... Ba7 36. Kxb4 Ke7 37. Kc4 Kd6 38. Kd3 Kc6 39. g4 Bc5 40. Nh5 Be7 41. Kxe3
Kb5 42. Ke4 Kxa5 43. Kf5 $18) 34. Kxb4 Ke7 (34... Bxf4 35. gxf4 Ke6 36. f5+ $1
(36. a5 Kd6 37. a6 Kc6 38. f5 Kb6 39. Kc4 Kxa6 40. Kd4 Kb6 41. Kxe4 Kc5 $19)
36... Kxf5 (36... Kd5 37. Kc3 Kc5 38. a5 Kb5 39. Kd4 Kxa5 40. Kxe4 Kb5 41. Kd5
$18) 37. a5 e3 38. Kc3 Kf4 39. a6 {[%csl Rg3]} Kf3 40. a7 e2 41. a8=Q+ $18) 35.
a5 Kd6 36. a6 Kc6 37. Nd5 h5 38. Kc4 f5 39. Ne7+ Kb6 40. Nxf5 Kxa6 41. Kd5 Bf6
42. Kxe4 Kb6 43. Kd5 $16) 29. Ke2 $132) 26. Kd1 Kf7 27. Rb1 h5 $15) 24. Re2 Kf8
(24... e4 25. Rd1 Bf6 26. fxe4 fxe4 27. Nf2 Bxb2 28. Nxe4 Rce7 $15) (24... Rec8
$15) 25. b3 f6 (25... e4 26. fxe4 fxe4 27. Nf4 Rd7 28. Rd1 Rd6 29. Red2 Red8
30. Ne2 Be5 31. Rxd6 Rxd6 32. Rxd6 Bxd6 33. c4 bxc3 34. Nxc3 f5 35. Ke2 Ke7 36.
Ke3 Ke6 $15) 26. Rd1 Rec8 27. Ne1 Bc3 $6 (27... Kf7 $15) 28. Ng2 Kf7 $2 $14 {
[%cal Gg2e3,Ge3c4]} (28... Bd4 $15) 29. Ne3 Kg6 (29... Ke6 30. Nc4 Ra7 (30...
Rxc4 31. bxc4 Rxc4 32. Rd8 $14) 31. Rd6+ Ke7 32. Rd5 $14) 30. Nc4 Bd4 31. f4 $6
$132 (31. Nd6 Rd8 32. Nb5 $14 {[%csl Rd4,Rf5,Rf6][%cal Ge5d4]}) 31... Rc5 32.
Kg2 R8c6 33. Red2 h5 34. Kf3 Re6 35. fxe5 (35. Kg2 $132) 35... fxe5 36. Re2 Kf6
37. Kg2 Rec6 38. Rd3 Re6 (38... Rxc4 39. bxc4 Rxc4 40. Red2 Kg5 41. Kf1 h4 42.
Ke2 Kg4 43. Kf1 Bc3 (43... hxg3 44. hxg3 Bc3 45. Rh2 Bd4 $11) 44. Rf2 $11) 39.
Re1 Rec6 40. Rf3 Kg6 41. Re2 Rc7 42. Rd3 Kf6 (42... Rd7 43. Nxe5+ $18) 43. Red2
(43. Red2 Rd7 44. Kf1 Ke6 (44... Rcd5 45. Nb6 $18) 45. Rd1 Rcd5 46. R3d2 Rd8 (
46... e4 47. Nxa5 $16) 47. Ke2 $11) 1/2-1/2